| Tag |
First Indicator |
Second Indicator |
Subfields |
| LEADER |
00000cam a22000001a 4500 |
| 001 |
in00004100684 |
| 005 |
20200117091339.0 |
| 006 |
m d f |
| 007 |
cr bn mmmapmmp |
| 008 |
100412s2009 dcua ob f000 0 eng d |
| 035 |
|
|
|a chdc201000639
|
| 040 |
|
|
|a UMI
|c UMI
|d UtOrBLW
|
| 042 |
|
|
|a pcc
|
| 043 |
|
|
|a n-us---
|
| 074 |
|
|
|a 1016-A
|
| 086 |
0 |
|
|a Y 4.G 74/7:111-29
|
| 088 |
|
|
|a Serial no. 111-29 (United States. Congress. House. Committee on Oversight and Government Reform)
|
| 110 |
1 |
|
|a United States.
|b Congress.
|b House.
|b Committee on Oversight and Government Reform.
|b Subcommittee on Information Policy, Census, and National Archives.
|0 http://id.loc.gov/authorities/names/no2007069930
|
| 245 |
1 |
4 |
|a The 2010 census master address files :
|b issues and concerns : hearing before the Subcommittee on Information Policy, Census, and National Archives of the Committee on Oversight and Government Reform, House of Representatives, One Hundred Eleventh Congress, first session, October 21, 2009.
|
| 264 |
|
1 |
|a Washington :
|b U.S. G.P.O.,
|c 2009.
|
| 264 |
|
2 |
|a Washington :
|b For sale by the Supt. of Docs., U.S. G.P.O.
|
| 300 |
|
|
|a iii, 106 pages :
|b illustrations, digital, PDF file.
|
| 336 |
|
|
|a text
|b txt
|2 rdacontent
|
| 337 |
|
|
|a computer
|b c
|2 rdamedia
|
| 338 |
|
|
|a online resource
|b cr
|2 rdacarrier
|
| 500 |
|
|
|a Shipping list number: 2010-0130-P.
|
| 504 |
|
|
|a Includes bibliographical references.
|
| 500 |
|
|
|a "Serial number 111-29."
|
| 500 |
|
|
|a Record is based on bibliographic data in ProQuest Congressional Hearings Digital Collection. Reuse except for individual research requires license from ProQuest, LLC.
|
| 500 |
|
|
|a Electronic resource.
|
| 533 |
|
|
|a Electronic reproduction.
|b [Bethesda, Md.] :
|c ProQuest,
|d 2010.
|e digital, PDF file.
|n ProQuest U.S. Congressional Hearings Digital Collection.
|n Mode of access: World Wide Web via ProQuest website.
|
| 538 |
|
|
|a System requirements: PDF reader software.
|
| 610 |
2 |
0 |
|a U.S. Census Bureau
|x Information technology.
|
| 650 |
|
0 |
|a Street addresses
|z United States
|v Databases.
|
| 651 |
|
0 |
|a United States
|v Census, 2010.
|
| 776 |
0 |
8 |
|i Print version:
|a United States. Congress. House. Committee on Oversight and Government Reform. Subcommittee on Information Policy, Census, and National Archives.
|t 2010 census master address files
|w 9780160852060
|w 0160852064
|w (OCoLC)606569150
|
| 776 |
0 |
8 |
|i Microfiche version:
|a United States. Congress. House. Committee on Oversight and Government Reform. Subcommittee on Information Policy, Census, and National Archives.
|t 2010 census master address files
|d [Bethesda, Md.] : ProQuest,[2010]
|o CIS 2010 H601-48
|w (ProQuest)cis01001192
|
| 856 |
4 |
0 |
|u http://proxy.library.tamu.edu/login?url=http://search.proquest.com/congcomp/getdoc?HEARING-ID=HRG-2009-CGR-0027
|y Electronic resource (PDF)
|t 0
|
| 998 |
|
|
|a cis01001192
|
| 999 |
f |
f |
|s f2879c59-9d54-36c3-8f53-122fc4ac9442
|i a48be2f7-038d-3c43-89c9-c67f88a18b64
|t 0
|
| 952 |
f |
f |
|a Texas A&M University
|b College Station
|c Electronic Resources
|d Available Online
|t 0
|e Y 4.G 74/7:111-29
|h Superintendent of Documents classification
|
| 998 |
f |
f |
|a Y 4.G 74/7:111-29
|t 0
|l Available Online
|